Guess the smash bros character by their boxing ring title - Statistics

General Stats
  • This quiz has been taken 3 times
  • The average score is 42 of 100
Answer Stats
Hint Answer % Correct
Astronaut in Training Alph
100%
Ashen Demon Byleth
100%
Dark-Winged Doppelgänger Dark Pit
100%
Bark, Quack, Boom! Duck Hunt
100%
Bone-Chilling Duo Ice Climbers
100%
Mr. Video Game Himself Mario
100%
Pika Pika! Pikachu
100%
Azure Vampire Assassin Richter
100%
Cunning God Of Death Ridley
100%
Mayor of Smashville Villager
100%
Umbra Witch Bayonetta
50%
King of the Koopas Bowser
50%
Prince of the Koopas Bowser Jr.
50%
Prince of Ylisse Chrom
50%
SOLDIER 1st Class Cloud
50%
Sarasaland's Chipper Princess Daisy
50%
Phazon Incarnate Dark Samus
50%
King of the Jungle Donkey Kong
50%
The Prescriber Dr. Mario
50%
Proud Space Ace Falco
50%
Leader of Star Fox Fox
50%
The King of Darkness Ganondorf
50%
Master of Stealth Greninja
50%
The Laughing Prankster Iggy
50%
The Radiant Hero of Legend Ike
50%
Part Kid, Part Squid Inkling
50%
The Mayor's Assistant Isabelle
50%
The Great Phantom Thief Joker
50%
Self-Made King King Dedede
50%
The Kremling Commander King K. Rool
50%
The Pink Demon Kirby
50%
The Youngest Larry
50%
Champion of Hyrule Link
50%
Bruiser from the Bronx Little Mac
50%
Master of Aura Lucario
50%
Boy from Nowhere Lucas
50%
The Eternal Understudy Luigi
50%
The Hero-King Marth
50%
The Blue Bomber Mega Man
50%
The Masked Swordsman Meta Knight
50%
The Brawler of Many Faces Mii Brawler
50%
The Gunner of Many Faces Mii Gunner
50%
The Swordfighter of Many Faces Mii Swordfighter
50%
The Ramen Bomber Min Min
50%
Master of Two Dimensions Mr. Game & Watch
50%
The PSI Powerhouse Ness
50%
Veteran Astronaut Olimar
50%
The Yellow Bane of Ghosts Pac-man
50%
Goddess of Light Palutena
50%
Princess of Toadstools Peach
50%
Shockingly Adorable Pichu
50%
Bloom of Your Doom Piranha Plant
50%
Captain of Lady Palutena's Guard Pit
50%
The Aegis Pyra / Mythra
50%
The Last of His Kind R.O.B.
50%
The Tactician Magician Robin
50%
The Cosmic Travelers Rosalina & Luma
50%
The Cool One Roy
50%
Bounty Hunter Extraordinaire Samus
50%
One-Winged Angel Sephiroth
50%
The Illusive Sheikah Sheik
50%
The Visionary Shulk
50%
Evil's Whip-Wielding Bane Simon
50%
The Blue Blur Sonic
50%
Chosen by the Keyblade Sora
50%
World Crafter Steve / Alex
50%
Wind-Waking Warrior Toon Link
50%
Scoundrel with a Fart of Gold Wario
50%
The Bold Beauty Wendy
50%
The Silver Space Wolf Wolf
50%
Omnivore of the Year Yoshi
50%
Master of the Ocarina Young Link
50%
Hyrule's Wise Princess Zelda
50%
The Warrior Within Zero Suit Samus
50%
Laid-Back Animals Banjo & Kazooie
0%
The Supersonic Slugger Captain Falcon
0%
Blood of Dragons Corrin
0%
The Acrobat Diddy Kong
0%
End Dweller Enderman
0%
The Legendary Hero Hero (Edrick)
0%
The Dragovian Descendant Hero (Eight)
0%
The Luminary Hero (Luminary)
0%
The Zenithian Hero Hero (Solo)
0%
The Ring's Raging Flame Incineroar
0%
The Sleepy Singer Jigglypuff
0%
The Iron Fist of Darkness Kazuya
0%
The Fire-Breathing Fist Ken
0%
Wacky War Machine Lemmy
0%
Warrior from a Doomed Future Lucina
0%
Pompous Prodigy Ludwig
0%
A Legend Reawakens Mewtwo
0%
The Enforcer Morton
0%
Wants to Be the Very Best Pokémon Trainer(Squirtle, Ivysaur & Charizard)
0%
The Young Lion Roy
0%
Eternal Wanderer Ryu
0%
The Legendary Mercenary Snake
0%
The Legendary Wolf Terry
0%
Yoga Warrior Wii Fit Trainer(Female)
0%
The BMI Bandit Wii Fit Trainer(Male)
0%
Night Roamer Zombie
0%
No matching quizzes found
Score Distribution
Percent of People with Each Score
Percentile by Number Answered
Your Score History
You have not taken this quiz